Fußball (deutsche Toptalente): Gewinner der Fritz-Walter-Medaille - Statistiken

Allgemein
  • Dieses Quiz wurde 332 mal gespielt
    78 seit der letzten Aktualisierung
  • Das Durchschnittsergebnis liegt bei 22 aus 150
Antwortstatistiken
Jahr Jugend Auszeichnung Verein
damals
Spieler % Korrekt
2020 u17 Gold Leverkusen Florian Wirtz
83%
2022 u19 Gold Leverkusen Florian Wirtz
83%
2005 u19 Gold Bayern Florian Müller
56%
2009 u17 Gold Dortmund Mario Götze
52%
2010 u18 Gold Dortmund Mario Götze
52%
2016 u17 Silber Leverkusen Kai Havertz
48%
2018 u19 Gold Leverkusen Kai Havertz
48%
2013 u18 Silber Stuttgart/RB Leipzig Joshua Kimmich
46%
2014 u19 Bronze RB Leipzig Joshua Kimmich
46%
2005 u19 Silber Schalke Manuel Neuer
46%
2011 u18 Gold Schalke Julian Draxler
44%
2013 u17 Gold Stuttgart Timo Werner
44%
2015 u19 Silber Stuttgart Timo Werner
44%
2009 u18 Bronze Rostock Felix Kroos
42%
2008 u18 Gold Bayern Toni Kroos
42%
2021 u17 Gold Dortmund Youssoufa Moukoko
41%
2023 u19 Gold Dortmund Youssoufa Moukoko
41%
2013 u17 Silber Wolfsburg/Leverkusen Julian Brandt
39%
2014 u18 Gold Leverkusen Julian Brandt
39%
2007 u19 Bronze Hertha Jérôme Boateng
38%
2005 u18 Bronze Hertha Kevin-Prince Boateng
38%
2006 u19 Gold Hertha Kevin-Prince Boateng
38%
2019 u17 Gold Salzburg Karim Adeyemi
35%
2021 u19 Gold Salzburg Karim Adeyemi
35%
2012 u17 Gold Bochum Leon Goretzka
32%
2019 u17 Silber Stuttgart Jordan Meyer
31%
2012 u17 Silber Schalke Max Meyer
31%
2014 u19 Silber Schalke Max Meyer
31%
2012 u18 Gold Freiburg Matthias Ginter
27%
2013 u19 Gold Freiburg Matthias Ginter
27%
2023 u17 Silber Freiburg/Barca Noah Darvich
27%
2023 u17 Gold Dortmund Paris Brunner
27%
2009 u17 Bronze Gladbach Marc-André ter Stegen
25%
2011 u19 Gold Gladbach Marc-André ter Stegen
25%
2024 u19 Bronze Frankfurt/Elversberg Elias Baum
24%
2006 u17 Gold 1860 Lars Bender
24%
2017 u17 Bronze Bayern Lars Lukas Mai
24%
2006 u17 Bronze 1860 Sven Bender
24%
2024 u19 Gold Hoffenheim Tom Bischof
23%
2012 u19 Gold Stuttgart Antonio Rüdiger
21%
2011 u17 Gold Bayern Emre Can
21%
2015 u19 Gold Hamburg Jonathan Tah
21%
2009 u19 Bronze Mainz André Schürrle
20%
2017 u17 Gold Hamburg Fiete Arp
20%
2016 u17 Bronze Hertha Arne Maier
18%
2018 u19 Silber Hertha Arne Maier
18%
2011 u19 Bronze 1860 Kevin Volland
18%
2020 u17 Bronze Hertha Luca Netz
18%
2022 u19 Silber Gladbach Luca Netz
18%
2009 u19 Gold Aachen/Schalke Lewis Holtby
17%
2016 u19 Bronze Hertha Maximilian Mittelstädt
17%
2010 u19 Silber Mainz Stefan Bell
17%
2007 u19 Gold Schalke Benedikt Höwedes
13%
2015 u19 Bronze RB Leipzig Lukas Klostermann
13%
2006 u17 Silber Gladbach Marko Marin
13%
2007 u18 Gold Gladbach Marko Marin
13%
2022 u19 Bronze Freiburg Robert Wagner
13%
2010 u17 Gold Köln Timo Horn
13%
2019 u19 Bronze Köln Yann Aurel Bisseck
13%
2010 u17 Silber Duisburg André Hoffmann
11%
2012 u19 Silber Duisburg André Hoffmann
11%
2023 u17 Bronze Schalke Assan Ouedraogo
11%
2016 u19 Gold Leverkusen Benjamin Henrichs
11%
2023 u19 Silber Mainz Brajan Gruda
11%
2012 u18 Bronze Leverkusen Dominik Kohr
10%
2013 u19 Bronze Leverkusen Dominik Kohr
10%
2021 u19 Bronze Freiburg Noah Atubolu
10%
2008 u18 Silber Hertha Sebastian Rudy
10%
2019 u19 Silber Hamburg Josha Vagnoman
8%
2022 u17 Gold Mainz Nelson Weiper
8%
2014 u19 Gold Nürnberg Niklas Stark
8%
2013 u17 Bronze Schalke Donis Avdijaj
7%
2024 u19 Silber Wolfsburg/Düsseldorf Dženan Pejčinović
7%
2022 u17 Silber Stuttgart Laurin Ulrich
7%
2015 u17 Gold Dortmund Felix Passlack
6%
2024 u17 Gold Leverkusen Francis Onyeka
6%
2018 u17 Gold Köln Noah Katterbach
6%
2020 u19 Gold Köln Noah Katterbach
6%
2018 u17 Silber Bayern Oliver Batista-Meier
6%
2016 u19 Silber Hoffenheim Philipp Ochs
6%
2013 u18 Gold Karlsruhe/Hoffenheim Kevin Akpoguma
4%
2019 u17 Bronze Leipzig Lazar Samardžić
4%
2008 u17 Silber Hertha Lennart Hartmann
4%
2018 u19 Bronze Bayern/Hamburg Manuel Wintzheimer
4%
2005 u18 Gold Dortmund Marc-André Kruska
4%
2008 u19 Bronze Leverkusen Marcel Risse
4%
2010 u18 Bronze Karlsruhe Matthias Zimmermann
4%
2011 u19 Silber Karlsruhe/Gladbach Matthias Zimmermann
4%
2019 u19 Gold Amsterdam Nicolas Kühn
4%
2015 u17 Silber Bayern Niklas Dorsch
4%
2008 u18 Bronze Leverkusen Richard Sukuta-Pasu
4%
2005 u17 Gold Wolfsburg Sergej Evljuskin
4%
2006 u18 Gold Wolfsburg Sergej Evljuskin
4%
2011 u18 Silber Frankfurt Sonny Kittel
4%
2023 u19 Bronze Hoffenheim Umut Tohumcu
4%
2013 u19 Silber Köln Yannick Gerhardt
4%
2021 u17 Bronze Hertha Anton Kade
3%
2017 u19 Silber Frankfurt Aymen Barkok
3%
2024 u17 Bronze Hertha Boris Lum
3%
2006 u19 Bronze Fürth Daniel Adlung
3%
2008 u19 Gold Bremen Dennis Diekmeier
3%
2007 u18 Silber Hamburg Eric Maxim Choupo-Moting
3%
2005 u19 Bronze Gladbach Eugen Polanski
3%
2008 u19 Silber 1860 Florian Jungwirth
3%
2017 u19 Bronze Düsseldorf Gökhan Gül
3%
2017 u17 Silber Bremen Jean-Manuel Mbom
3%
2007 u17 Silber Hannover Konstantin Rausch
3%
2009 u19 Silber Hannover Konstantin Rausch
3%
2014 u18 Silber Leverkusen Levin Öztunali
3%
2008 u17 Gold Hoffenheim Manuel Gulde
3%
2011 u17 Bronze Stuttgart Odisseas Vlachodimos
3%
2010 u19 Gold 1860/Hoffenheim Peniel Mlapa
3%
2009 u17 Silber Köln Reinhold Yabo
3%
2010 u18 Silber Köln Reinhold Yabo
3%
2017 u19 Gold Köln Salih Özcan
3%
2007 u18 Bronze Leverkusen Stefan Reinartz
3%
2020 u17 Silber Bayern Torben Rhein
3%
2006 u18 Silber 1860 Alexander Eberlein
1%
2021 u19 Silber Dortmund Ansgar Knauff
1%
2013 u18 Bronze Hertha Anthony Syhre
1%
2014 u17 Gold Hoffenheim Benedikt Gimber
1%
2015 u17 Bronze Freiburg Constantin Frommann
1%
2014 u17 Silber Hertha Damir Bektic
1%
2005 u17 Silber Lautern Daniel Halfar
1%
2020 u19 Bronze RB Leipzig/KV Ostende Frederik Jäkel
1%
2014 u18 Bronze Freiburg Jonas Föhrenbach
1%
2006 u18 Bronze Stuttgart José-Alex Ikeng
1%
2020 u19 Silber Dresden Kevin Ehlers
1%
2024 u17 Silber Gladbach Kilian Sauck
1%
2010 u17 Bronze Leverkusen Kolja Pusch
1%
2021 u17 Silber Hertha Linus Gechter
1%
2016 u17 Gold Wolfsburg Luca Itter
1%
2018 u17 Bronze Dortmund Luca Unbehaun
1%
2007 u19 Silber Freiburg Manuel Konrad
1%
2009 u18 Gold Hoffenheim Marco Terrazzino
1%
2011 u18 Bronze Nürnberg Markus Mendler
1%
2007 u17 Bronze Leverkusen Nils Teixeira
1%
2012 u17 Bronze Nürnberg Pascal Itter
1%
2007 u17 Gold Stuttgart Patrick Funk
1%
2012 u19 Bronze Nürnberg Patrick Rakovsky
1%
2011 u17 Silber Stuttgart Robin Yalçın
1%
2005 u17 Bronze Dortmund Sebastian Tyrała
1%
2008 u17 Bronze Hertha Shervin Radjabali-Fardi
1%
2010 u19 Bronze Hertha Shervin Radjabali-Fardi
1%
2009 u18 Silber Hamburg Sören Bertram
1%
2005 u18 Silber Hannover Sören Halfar
1%
2022 u17 Bronze Augsburg Tarek Buchmann
1%
2012 u18 Silber 1860/Fürth Thomas Pledl
1%
2014 u17 Bronze Hannover Timo Königsmann
1%
2006 u19 Silber Gladbach Robert Fleßers
0%
Keine übereinstimmenden Quizze gefunden
Verteilung der Resultate
Anzahl Personen mit jedem Resultat
Perzentil nach korrekt beantworteten Fragen
Ihre Resultats-Entwicklung
Sie haben dieses Quiz seit der letzten Aktualisierung nicht gespielt